00373nam a2200145Ia 4500008004100000082001400041100001700055245004700072250000800119260002900127300001200156500002400168650001200192700002300204230524s9999 xx 000 0 und d a5.74bOZS aM.Tamer Ozsu 0aPrinciples of Distributed Database Systems a2ND aNEW DELHIbPearsonc2005 aXXI;666 aQuantity Number: 5 aComp-Sc a Patrick Valduriez